000
00272nam a22001097a 4500
082
_a
621.4362 DES
100
_a
HADDAD.S.D
_9
68079
245
_a
DESIGN AND APPLICATIONS IN DIESEL ENGINEERING
260
_a
NEW YORK
_b
JOHN WILEY & SONS
_c
1984
300
_a
339P
942
_c
BK
999
_c
575730
_d
575730